Pokémon - Les attaques de Ceriflor - Statistiques

Statistiques générales
  • Ce quiz a été pris 16 fois
  • Le résultat moyen est 9 sur 14
Statistiques - réponses
Niveaux Types Noms des attaques % Correct
Départ Normal Charge
100%
Niveau 55 Plante Lance-Soleil
80%
Niveau 28 Plante Vampigraine
80%
Départ Évolution Feu Zénith
80%
Niveau 20 Plante Feuille Magik
70%
Niveau 41 Plante Tempête Florale
70%
Départ Normal Croissance
60%
Niveau 62 Plante Danse Fleurs
60%
Départ Plante Feuillage
60%
Niveau 48 Plante Soucigraine
60%
Niveau 34 Normal Bélier
50%
Départ Normal Aurore
40%
Niveau 15 Normal Coup d'Main
20%
Départ Fée Garde Florale
20%
Aucun quiz correspondant
Distribution des résultats
% des personnes avec chaque résultat
Percentile par nombre de réponses
Votre historique - résultats
Vous n’avez pas pris ce quiz